|
|
|
|
| LEADER |
00788nta a2200205 i 4500 |
| 001 |
dokt8566 |
| 005 |
20221121152234.0 |
| 008 |
221121s1971 hu om 0|| hun d |
| 040 |
|
|
|a SZTE Doktori Repozitórium
|b hun
|
| 041 |
|
|
|a hun
|
| 100 |
2 |
|
|a Berek Imréné Petri Ildikó
|
| 245 |
1 |
0 |
|a Extrakromoszómális F faktorral rendelkező Escherichia coli törzsek izolálása és ezek genetikai tanulmányozása
|h [elektronikus dokumentum] /
|c Berek Imréné Petri Ildikó
|
| 260 |
|
|
|c 1971
|
| 502 |
|
|
|a Disszertacio
|
| 650 |
|
4 |
|a biológiai tudományok
|
| 650 |
|
4 |
|a Természettudományok
|
| 650 |
|
4 |
|a Biológiai tudományok
|
| 695 |
|
|
|a Állattan
|
| 700 |
1 |
|
|a Alföldi Lajos
|e ths
|
| 856 |
4 |
0 |
|u https://doktori.bibl.u-szeged.hu/id/eprint/8566/1/1971_berek_imrene_petri_ildiko.pdf
|z Dokumentum-elérés
|